<?xml version="1.0" encoding="UTF-8"?><?xml-stylesheet type="text/xsl" href="static/style.xsl"?><OAI-PMH xmlns="http://www.openarchives.org/OAI/2.0/" xmlns:xsi="http://www.w3.org/2001/XMLSchema-instance" xsi:schemaLocation="http://www.openarchives.org/OAI/2.0/ http://www.openarchives.org/OAI/2.0/OAI-PMH.xsd"><responseDate>2026-04-17T18:41:03Z</responseDate><request verb="GetRecord" identifier="oai:www.recercat.cat:10230/56220" metadataPrefix="marc">https://recercat.cat/oai/request</request><GetRecord><record><header><identifier>oai:recercat.cat:10230/56220</identifier><datestamp>2025-12-19T23:00:10Z</datestamp><setSpec>com_2072_6</setSpec><setSpec>col_2072_452952</setSpec></header><metadata><record xmlns="http://www.loc.gov/MARC21/slim" xmlns:dcterms="http://purl.org/dc/terms/" xmlns:xsi="http://www.w3.org/2001/XMLSchema-instance" xmlns:doc="http://www.lyncode.com/xoai" xsi:schemaLocation="http://www.loc.gov/MARC21/slim http://www.loc.gov/standards/marcxml/schema/MARC21slim.xsd">
   <leader>00925njm 22002777a 4500</leader>
   <datafield ind2=" " ind1=" " tag="042">
      <subfield code="a">dc</subfield>
   </datafield>
   <datafield ind2=" " ind1=" " tag="720">
      <subfield code="a">Soler-Vidal, Joan</subfield>
      <subfield code="e">author</subfield>
   </datafield>
   <datafield ind2=" " ind1=" " tag="720">
      <subfield code="a">Fuentes-Claramonte, Paola</subfield>
      <subfield code="e">author</subfield>
   </datafield>
   <datafield ind2=" " ind1=" " tag="720">
      <subfield code="a">Salgado-Pineda, Pilar</subfield>
      <subfield code="e">author</subfield>
   </datafield>
   <datafield ind2=" " ind1=" " tag="720">
      <subfield code="a">Ramiro-Sousa, Nuria</subfield>
      <subfield code="e">author</subfield>
   </datafield>
   <datafield ind2=" " ind1=" " tag="720">
      <subfield code="a">García-León, María Ángeles</subfield>
      <subfield code="e">author</subfield>
   </datafield>
   <datafield ind2=" " ind1=" " tag="720">
      <subfield code="a">Llanos Torres, María</subfield>
      <subfield code="e">author</subfield>
   </datafield>
   <datafield ind2=" " ind1=" " tag="720">
      <subfield code="a">Arévalo, Antonio</subfield>
      <subfield code="e">author</subfield>
   </datafield>
   <datafield ind2=" " ind1=" " tag="720">
      <subfield code="a">Guerrero-Pedraza, Amalia</subfield>
      <subfield code="e">author</subfield>
   </datafield>
   <datafield ind2=" " ind1=" " tag="720">
      <subfield code="a">Munuera, Josep</subfield>
      <subfield code="e">author</subfield>
   </datafield>
   <datafield ind2=" " ind1=" " tag="720">
      <subfield code="a">Sarró, Salvador</subfield>
      <subfield code="e">author</subfield>
   </datafield>
   <datafield ind2=" " ind1=" " tag="720">
      <subfield code="a">Salvador, Raymond</subfield>
      <subfield code="e">author</subfield>
   </datafield>
   <datafield ind2=" " ind1=" " tag="720">
      <subfield code="a">Hinzen, Wolfram</subfield>
      <subfield code="e">author</subfield>
   </datafield>
   <datafield ind2=" " ind1=" " tag="720">
      <subfield code="a">McKenna, Peter J.</subfield>
      <subfield code="e">author</subfield>
   </datafield>
   <datafield ind2=" " ind1=" " tag="720">
      <subfield code="a">Pomarol-Clotet, Edith</subfield>
      <subfield code="e">author</subfield>
   </datafield>
   <datafield ind2=" " ind1=" " tag="260">
      <subfield code="c">2023-03-14T07:16:44Z</subfield>
   </datafield>
   <datafield ind2=" " ind1=" " tag="260">
      <subfield code="c">2023-03-14T07:16:44Z</subfield>
   </datafield>
   <datafield ind2=" " ind1=" " tag="260">
      <subfield code="c">2022</subfield>
   </datafield>
   <datafield ind2=" " ind1=" " tag="520">
      <subfield code="a">The experience of auditory verbal hallucinations (AVH, “hearing voices”) in schizophrenia has been found to be associated with reduced auditory cortex activation during perception of real auditory stimuli like tones and speech. We re-examined this finding using 46 patients with schizophrenia (23 with frequent AVH and 23 hallucination-free), who underwent fMRI scanning while they heard words, sentences and reversed speech. Twenty-five matched healthy controls were also examined. Perception of words, sentences and reversed speech all elicited activation of the bilateral superior temporal cortex, the inferior and lateral prefrontal cortex, the inferior parietal cortex and the supplementary motor area in the patients and the healthy controls. During the sentence and reversed speech conditions, the schizophrenia patients as a group showed reduced activation in the left primary auditory cortex (Heschl’s gyrus) relative to the healthy controls. No differences were found between the patients with and without hallucinations in any condition. This study therefore fails to support previous findings that experience of AVH attenuates speech-perception-related brain activations in the auditory cortex. At the same time, it suggests that schizophrenia patients, regardless of presence of AVH, show reduced activation in the primary auditory cortex during speech perception, a finding which could reflect an early information processing deficit in the disorder.</subfield>
   </datafield>
   <datafield ind2=" " ind1=" " tag="520">
      <subfield code="a">This work was supported by the CIBERSAM and the Catalonian Government (2017SGR01271 to EP-C and 2017SGR1265 to WH). Also by a grant from the Plan Nacional de I+D+i 2013–2016: Juan de la Cierva-formación contract (FJCI-2015-25278 to PF-C) and two projects from the Ministerio de Ciencia, Innovación y Universidades (MCIU) y la Agencia Estatal de Investigación (AEI), FFI2016-77647-C2-2-P to WH and PS-P and PID2019-110120RBI00/AEI/10.13039/501100011033 to WH); and by the Instituto de Salud Carlos III, co-funded by European Union (ERDF/ESF, “Investing in your future”): Miguel Servet Research contracts (CPII13/00018 to RS and MS10/00596 to EP-C), Sara Borrell contract (CD19/00149 to PF-C) and Research Project Grants (PI18/00880 to PM).</subfield>
   </datafield>
   <datafield tag="653" ind2=" " ind1=" ">
      <subfield code="a">Schizophrenia</subfield>
   </datafield>
   <datafield tag="653" ind2=" " ind1=" ">
      <subfield code="a">Auditory cortex</subfield>
   </datafield>
   <datafield tag="653" ind2=" " ind1=" ">
      <subfield code="a">Hallucinations</subfield>
   </datafield>
   <datafield tag="653" ind2=" " ind1=" ">
      <subfield code="a">Speech</subfield>
   </datafield>
   <datafield tag="653" ind2=" " ind1=" ">
      <subfield code="a">Sensory perception</subfield>
   </datafield>
   <datafield tag="653" ind2=" " ind1=" ">
      <subfield code="a">Occipital lobe</subfield>
   </datafield>
   <datafield tag="653" ind2=" " ind1=" ">
      <subfield code="a">Parietal lobe</subfield>
   </datafield>
   <datafield tag="653" ind2=" " ind1=" ">
      <subfield code="a">Prefrontal cortex</subfield>
   </datafield>
   <datafield ind2="0" ind1="0" tag="245">
      <subfield code="a">Brain correlates of speech perception in schizophrenia patients with and without auditory hallucinations</subfield>
   </datafield>
</record></metadata></record></GetRecord></OAI-PMH>